000 00669nam a2200193Ia 4500
005 20240529022927.0
008 240331s9999 xx 000 0 und d
082 _bCHA
_a339.46
245 0 _aChallenges of rural poverty by the year 2010
_bProceeding of the National Workshop of the Rural Social Science Network, January, 1993
260 _aDhaka
_bWinrock International (HRDP) & Bangladesh Agricultural Research Council ( BARC)
_c1993
300 _a180 p .,
650 _aSocial
650 _aCultural
700 _aHusain, Muazzam M.A.
_eedt
700 _aSalahuddin, Khaleda
_eedt
700 _aShamim, Ishrat
_eedt
700 _aAlam, Nurul M.S.
_eedt
942 _cL
999 _c2805
_d2805